| 000 | 01018cam a22002895a 4500 | ||
|---|---|---|---|
| 001 | 18218492 | ||
| 005 | 20160222151309.0 | ||
| 008 | 140709s2014 stka frbd 001 0 eng d | ||
| 020 | _a9780702051456 | ||
| 020 | _a9780702051463 | ||
| 040 |
_aDLC _beng _cDLC _dEG-ScBUE |
||
| 082 | 0 | 4 |
_a618.2 _bMYL _222 |
| 245 | 0 | 0 |
_aMyles textbook for midwives / _cedited by Jayne E. Marshall, Maureen D. Raynor ; foreword by Diane M. Fraser. |
| 250 | _a6th ed. | ||
| 260 |
_aEdinburgh : _bChurchill Livingstone / Elsevier, _c2014. |
||
| 300 |
_axvii, 780 p. : _bill. (col) ; _c25 cm. |
||
| 500 | _aIndex : p. 745-780. | ||
| 500 | _aAlso available online. | ||
| 500 | _aGlossary : p. 737-744. | ||
| 504 | _aIncludes bibliographical references. | ||
| 650 | 7 |
_aMidwifery. _2BUEsh _936414 |
|
| 653 |
_bNNUR _cApril2015 _cFebruary2016 |
||
| 700 | 1 |
_aMarshall, Jayne E. _eeditor. _937682 |
|
| 700 | 1 |
_aRaynor, Maureen D. _eeditor. _937683 |
|
| 700 | 1 |
_aFraser, Diane M. _eauthor of introduction, etc. _937684 |
|
| 942 |
_2ddc _k618.2 MYL |
||
| 999 |
_c19208 _d19180 |
||